Statystyki dla Top 50 skoczni według rekordu skoczni

Kliknij tutaj aby rozwiązać quiz!

Ogólne statystyki

  • Ten quiz został rozwiązany 69 razy
  • Średni wynik to 20 z 50

Statystyki odpowiedzi

PozycjaSkocznia% Poprawnych
22Planica
97%
2Planica
97%
12Zakopane
92%
1Vikersund
89%
7Willingen
87%
39Wisła
87%
40Innsbruck
79%
16Sapporo
76%
31Oslo
73%
43Lahti
69%
26Oberstdorf
65%
4Oberstdorf
65%
5Harrachov
63%
10Harrachov
63%
23Engelberg
56%
28Garmisch-Partenkirchen
56%
24Lillehammer
56%
11Ruka
56%
49Falun
47%
37Niżny Tagił
45%
3Bad Mitterndorf
44%
42Predazzo
44%
18Bischofshofen
42%
47Kuopio
37%
38Hakuba
35%
46Lake Placid
35%
35Liberec
31%
15Whistler
31%
44Courchevel
29%
13Titisee-Neustadt
29%
6Ironwood
27%
21Oberhof
27%
14Klingenthal
24%
27Ałmaty
23%
34Pjongczang
21%
33Pragelato
19%
36Zhangjiakou
13%
41Park City
11%
30Erzurum
10%
8Krasnojarsk
6%
32Mezdurechensk
6%
17Rena
6%
45Thunder Bay
6%
20Czajkowskij
5%
9Kraliky
5%
19Krasnaja Polana
5%
48Muju
5%
50Ruhpolding
5%
29Schuchinsk
5%
25Yabuli
2%

Rozkład punktacji

Percentyl według liczby udzielonych odpowiedzi

Procent ludzi z każdym wynikiem

Twoja historia wyników

Nie rozwiązałeś tego quizu